| 000 | 00590nam a2200205 4500 | ||
|---|---|---|---|
| 001 | sa 68011812 | ||
| 003 | DLC | ||
| 005 | 20260227112604.0 | ||
| 008 | 691009s1968 ii 00100 eng | ||
| 010 | _asa 68011812 | ||
| 050 | 0 |
_aHD9526.I62 _bN28 |
|
| 082 | _a338.4/7/6720954 | ||
| 110 | 2 | 0 | _aNational Council of Applied Economic Research. |
| 245 | 1 | _aLong term projections for iron and steel. | |
| 260 | 1 |
_aNew Delhi _c[1968] |
|
| 300 |
_axiv, 470 p. _c23 cm. |
||
| 350 |
_a40.00 _a($7.00) |
||
| 650 | 0 |
_aIron industry and trade _zIndia. |
|
| 650 | 0 |
_aSteel industry and trade _zIndia. |
|
| 999 |
_c84126 _d84126 |
||